| 000 | 00406nam a2200181Ia 4500 | ||
|---|---|---|---|
| 001 | 10576 | ||
| 005 | 20260306161842.0 | ||
| 008 | 260306t1985||||xx |||||||||||||| ||spa|| | ||
| 041 | _aESP | ||
| 082 |
_a940.53 _bM29 |
||
| 100 |
_aMauriac, François _eAUT |
||
| 245 | 0 | _aDe Gaulle | |
| 260 | _c1985 | ||
| 300 |
_a240 páginas : _c20 cm. |
||
| 650 | _aGEN | ||
| 654 | _aCHU | ||
| 942 |
_cLIB _dJUS _fJUS _2ddc _n |
||
| 999 |
_c10576 _d10576 |
||